| 000 | 00833nam a2200253 i 4500 | ||
|---|---|---|---|
| 001 | bg | ||
| 100 | 1 | _aMAGNUCKI, Krzysztof | |
| 245 | 1 | 0 |
_aWytrzymałość i optymalizacja zbiorników cienkościennych / _cKrzysztof Magnucki. |
| 260 |
_aWarszawa ; _aPoznań : _bWydaw. Naukowe PWN, _c1998. |
||
| 300 |
_a168 s. : _bfot., rys. (w tym kolor.), wykr. ; _c24 cm. |
||
| 504 | _aBibliogr. s. 163-168. | ||
| 650 | 9 |
_aOptymalizacja _xstosowanie _xtechnika |
|
| 650 | 9 |
_aPłyny _xmagazynowanie _xurządzenia |
|
| 650 | 9 |
_aPłyny _xtransport _xurządzenia |
|
| 650 | 9 | _aWytrzymałość materiałów | |
| 650 | 9 |
_aZbiorniki _xmechanika |
|
| 020 | _a8301125586 | ||
| 040 | _cBPK | ||
| 041 | 0 | _apl | |
| 080 | _a624.95:532:539.4:656.13+656.2:519.863 | ||
| 920 | _a83-01-12558-6 | ||
| 942 | _cKS | ||
| 008 | s pl f |000 0 pol | ||
| 999 |
_c37561 _d37561 |
||
| 856 |
_uhttp://koha.tu.koszalin.pl/cgi-bin/koha/opac-detail.pl?biblionumber=37561 _yKatalog online BPK |
||